A Textbook of Hydraulics,Fluid Mechanics and Hydraulic Machines / (Record no. 1540)

000 -LEADER
fixed length control field 00293 a2200097 4500
082 ## - DEWEY DECIMAL CLASSIFICATION NUMBER
Classification number 627.082 KHU
100 ## - MAIN ENTRY--PERSONAL NAME
Personal name Khurmi,R.S.
245 ## - TITLE STATEMENT
Title A Textbook of Hydraulics,Fluid Mechanics and Hydraulic Machines /
Statement of responsibility, etc. R.S.Khurmi
260 ## - PUBLICATION, DISTRIBUTION, ETC.
Place of publication, distribution, etc. New Delhi :
Date of publication, distribution, etc. S.Chand & comp,
Name of publisher, distributor, etc. 2001
300 ## - PHYSICAL DESCRIPTION
Extent 666p. :
Other physical details ill . ;
Dimensions 25cm
650 ## - SUBJECT ADDED ENTRY--TOPICAL TERM
Topical term or geographic name entry element hydraulics
Holdings
Withdrawn status Lost status Damaged status Not for loan Permanent Location Current Location Shelving location Date acquired Total Checkouts Full call number Barcode Date last seen Price effective from Koha item type
        School of Civil and Environmental Engineering (SCEE) School of Civil and Environmental Engineering (SCEE)       627.082 KHU NIT-568 01/05/2017 01/05/2017 Book
© 2023 Central Library, National University of Sciences and Technology. All Rights Reserved.